Ako organizovať neustále zlepšovanie

Neustále zlepšovanie ako nevyhnutnosť. Zdokonaľovanie procesov. Poznanie požiadaviek zákazníka a zlepšovanie kvality. Prístupy k zlepšovaniu. Päťfázový postup DMAIC. Trvalý prístup k zlepšovaniu.

Na minha lista:
Detalhes bibliográficos
Autor principal: Kasanická, Miriam
Formato: Capítulo de Livro
Idioma:eslovaco
Assuntos:
Tags: Adicionar Tag
Sem tags, seja o primeiro a adicionar uma tag!

MARC

LEADER 00000nla$a2200000$$$4500
001 0108968
005 20240502072213.3
041 0 |a slo 
044 |a SK 
245 1 0 |a Ako organizovať neustále zlepšovanie  |c Miriam Kasanická 
520 |a Neustále zlepšovanie ako nevyhnutnosť. Zdokonaľovanie procesov. Poznanie požiadaviek zákazníka a zlepšovanie kvality. Prístupy k zlepšovaniu. Päťfázový postup DMAIC. Trvalý prístup k zlepšovaniu. 
610 2 0 |a metódy riadenia 
610 2 0 |a manažment 
610 2 0 |a manažéri 
610 2 0 |a zamestnanci 
610 2 0 |a zákazníci 
610 2 0 |a komunikácia 
610 2 0 |a väzba spätná 
610 2 0 |a analýzy 
610 2 0 |a meranie 
610 2 0 |a motivácia 
610 2 0 |a kvalita 
100 1 |a Kasanická, Miriam